Countries of the Incan Empire Today - Statistics

General Stats
  • This quiz has been taken 236 times
  • The average score is 6 of 6
Answer Stats
Countries of the Incan Empire % Correct
Peru
99%
Chile
97%
Bolivia
96%
Ecuador
94%
Colombia
93%
Argentina
91%
No matching quizzes found
Score Distribution
Percent of People with Each Score
Percentile by Number Answered
Your Score History
You have not taken this quiz